LEADER 00847nam0 22002531i 450 001 UON00235523 005 20231205103523.248 100 $a20030730d1958 |0itac50 ba 101 $ahbs 102 $aYU 105 $a|||| ||||| 200 1 $aEseji$fMiroslav Krleza 210 $aBeograd$cProsveta$d1956 215 $a369 p.$d18 p. 620 $aRS$dBelgrado$3UONL001000 676 $a891.82$cLetteratura serbo-croata$v21 700 1$aKRLE?A$bMiroslav$3UONV126209$0465374 712 $aProsveta$3UONV268117$4650 801 $aIT$bSOL$c20250620$gRICA 899 $aSIBA - SISTEMA BIBLIOTECARIO DI ATENEO$2UONSI 912 $aUON00235523 950 $aSIBA - SISTEMA BIBLIOTECARIO DI ATENEO$dSI CROATO A 0653 $eSI SL 96 5 0653 996 $aEseji$91231956 997 $aUNIOR